المحاسبة المالية : (رقم التسجيلة. 10819)

تفاصيل مارك
000 -LEADER
fixed length control field 00528nam a22001697a 4500
005 - DATE AND TIME OF LATEST TRANSACTION
control field 20251108164401.0
008 - FIXED-LENGTH DATA ELEMENTS--GENERAL INFORMATION
fixed length control field 250721s2000 xx 000 0 ara d
082 14 - DEWEY DECIMAL CLASSIFICATION NUMBER
Classification number 657.15/يوح
100 1# - MAIN ENTRY--PERSONAL NAME
Personal name آل آدم، يوحنا
245 10 - TITLE STATEMENT
Title المحاسبة المالية :
Remainder of title أصول و خصوم و القوائم المالية /
264 1# - PRODUCTION, PUBLICATION, DISTRIBUTION, MANUFACTURE, AND COPYRIGHT NOTICE
Place of production, publication, distribution, manufacture عمان :
Name of producer, publisher, distributor, manufacturer دار الحامد،
Date of production, publication, distribution, manufacture, or copyright notice 2000.
300 ## - PHYSICAL DESCRIPTION
Extent 536ص
650 17 - SUBJECT ADDED ENTRY--TOPICAL TERM
Topical term or geographic name as entry element المحاسبة المالية
700 1# - ADDED ENTRY--PERSONAL NAME
Personal name الرزق، صالح
942 ## - ADDED ENTRY ELEMENTS (KOHA)
Source of classification or shelving scheme Dewey Decimal Classification
Koha item type كتب
المقتنيات
حالة السحب حالة الفقدان مصدر التصنيف حالة التلف غير قابل للإعارة المكتبة الرئيسية المكتبة الحالية موقع الرف تاريخ التزويد الرقم المتسلسل Total Checkouts رقم الإستدعاء الباركود تاريخ آخر ظهور تاريخ الفاتورة نوع المادة (كوها)
    Dewey Decimal Classification     المكتبة المركزية المكتبة المركزية الإعارة 06/07/2004 328531   657.15/يوح 328531 28/07/2025 06/07/2004 كتب
    Dewey Decimal Classification     المكتبة المركزية المكتبة المركزية الإعارة 06/07/2004 328517   657.15/يوح 328517 28/07/2025 06/07/2004 كتب
    Dewey Decimal Classification     مكتبة أبو علندا العامة مكتبة أبو علندا العامة الإعارة 06/07/2004 448627   657.15/يوح 448627 28/07/2025 06/07/2004 كتب
    Dewey Decimal Classification     مكتبة أم قصير والمقابلين العامة مكتبة أم قصير والمقابلين العامة الإعارة 06/07/2004 448626   657.15/يوح 448626 28/07/2025 06/07/2004 كتب
Implemented & Customized by: BBB with SCIT (Smart Chains for Information Technology)

Powered by Koha